000 00664nam a2200265Ia 4500
005 20260121161406.0
008 008 260114s9999 xx 000 0 eng d
020 _a9781315243474
037 _aEBOOK
040 _aCRL
040 _beng
040 _cCRL
041 _2eng
041 _aeng
084 _qCRL
100 _aSense of Place, Health and Quality of Life
_91044043
245 0 _aAllison Williams; John Eyles
260 _bTaylor and Francis
260 _c2008
650 _aHealth & Society
_91044044
856 _uhttp://www.taylorfrancis.com/books/9781315243474
942 _cEBOOK
999 _c1610428
_d1610428